Unternehmerische Herausforderung durch den Europäischen Binnenmarkt 1992

Na minha lista:
Detalhes bibliográficos
Autor principal: Berthel, Jürgen
Outros Autores: Becker, Fred
Formato: Livro
Idioma:alemão
Publicado em: Berlin Springer 1990
Edição:1. Aufl.
Tags: Adicionar Tag
Sem tags, seja o primeiro a adicionar uma tag!

MARC

LEADER 00000nam a2200000 4500
001 c024168
005 20221215124928.7
041 0 |a ger 
044 |a DE 
245 1 0 |a Unternehmerische Herausforderung durch den Europäischen Binnenmarkt 1992  |c Jürgen Berthel, Fred Becker 
250 |a 1. Aufl. 
264 1 |a Berlin  |b Springer  |c 1990 
300 |a 174 s. 
100 1 |a Berthel, Jürgen 
700 1 |a Becker, Fred